000
00279nam a2200133Ia 4500
100
_a
Joseph/K.P
650
_a
General
942
_c
BK
654
_a
peace
245
_a
Peace and Value education
260
_b
Dharma Bharathi Ashram
_c
2003
300
_a
273
546
_a
ENGLISH
999
_c
28643
_d
28643